000 00635nam a22002537a 4500
003 UA-OsUOA
001 35968
007 ta
008 20060110b un ||||| |||| 00| 0 ukr d
100 _aІзмаїлова К. В.
090 _a336(075.8)
_bІ-37
942 _cBK
040 _aUA-OsUOA
_bukr
_cUA-OsUOA
_dUA-OsUOA
245 _aФінансовий аналіз
_bНавчальний посібник
300 _a152 с.
955 _a2
041 _aukr
080 _a336(075.8)
020 _a966-608-112-1
260 _aК.
_bМАУП
_c2001
250 _n2
650 7 _a336 Фінанси
_2UDC
999 _c322274
_d322274